فى اللغة ودراستها : (رقم التسجيلة. 177535)

تفاصيل مارك
000 -LEADER
fixed length control field 01188namaa2200289 i 4500
003 - CONTROL NUMBER IDENTIFIER
control field EG-GICUC
005 - DATE AND TIME OF LATEST TRANSACTION
control field 20260111121756.0
008 - FIXED-LENGTH DATA ELEMENTS--GENERAL INFORMATION
fixed length control field 260110s1974 ua |||jr|||| 000 0 ara d
017 ## - COPYRIGHT OR LEGAL DEPOSIT NUMBER
Copyright or legal deposit number 1974 / 3735
Assigning agency دار الكتب والوثائق القومية(مصر)
040 ## - CATALOGING SOURCE
Original cataloging agency EG-GiCUC
Language of cataloging ara
Transcribing agency EG-GiCUC
Modifying agency EG-GiCUC
Description conventions rda
082 04 - DEWEY DECIMAL CLASSIFICATION NUMBER
Edition number 21
Classification number 418.2
Item number I18
092 04 - LOCALLY ASSIGNED DEWEY CALL NUMBER (OCLC)
Edition number 21
Classification number 418.2
Item number I18
099 ## - LOCAL FREE-TEXT CALL NUMBER (OCLC)
Classification number 418.2 I18
100 1# - MAIN ENTRY--PERSONAL NAME
Personal name عيد، محمد
Relator term مؤلف.
245 1# - TITLE STATEMENT
Title فى اللغة ودراستها :
Statement of responsibility, etc. الدكتور محمد عيد.
Remainder of title منهج ابن خلدون في فهم اللغة . العوامل الطارئة علي اللغة . تسير النحو ودراسة البلاغة \
264 ## - PRODUCTION, PUBLICATION, DISTRIBUTION, MANUFACTURE, AND COPYRIGHT NOTICE
Place of production, publication, distribution, manufacture القاهرة(مصر) :
Name of producer, publisher, distributor, manufacturer عالم الكتب،
Date of production, publication, distribution, manufacture, or copyright notice 1974.
300 ## - PHYSICAL DESCRIPTION
Extent 250 صفحة ؛
Dimensions 24 سم
336 ## - CONTENT TYPE
Source rdacontent
Content type term text
337 ## - MEDIA TYPE
Source rdamedia
Media type term Unmediated
338 ## - CARRIER TYPE
Source rdacarrier
Carrier type term volume
504 ## - BIBLIOGRAPHY, ETC. NOTE
Bibliography, etc. note يشتمل على ارجاعات ببليوجرافية.
541 ## - IMMEDIATE SOURCE OF ACQUISITION NOTE
Source of acquisition د. جابر عصفور ؛
Address القاهرة ؛
Method of acquisition إهداء ؛
Date of acquisition 2024.
650 17 - SUBJECT ADDED ENTRY--TOPICAL TERM
Topical term or geographic name entry element اللغة العربية
General subdivision طرق تدريس
Source of heading or term qrmak
651 1# - SUBJECT ADDED ENTRY--GEOGRAPHIC NAME
Source of heading or term qrmak
905 ## - Cataloger and Reviser Names
Cataloger Name Aya Mohamed
942 ## - ADDED ENTRY ELEMENTS (KOHA)
Source of classification or shelving scheme Dewey Decimal Classification
Koha item type Books
Edition 21
Suppress in OPAC No
المقتنيات
Withdrawn status Lost status Source of classification or shelving scheme Damaged status Not for loan Home library Current library Date acquired Inventory number Total checkouts Full call number Barcode Date last seen Price effective from Koha item type
    Dewey Decimal Classification   Not for loan المكتبة المركزبة الجديدة - جامعة القاهرة قاعة المكتبات المهداة - الدور الرابع 10.01.2026 174843   418.2 I18 J.U. 01000100174843000 10.01.2026 10.01.2026 Books
Cairo University Libraries Portal Implemented & Customized by: Eng. M. Mohamady Contacts: new-lib@cl.cu.edu.eg | cnul@cl.cu.edu.eg
CUCL logo CNUL logo
© All rights reserved — Cairo University Libraries
CUCL logo
Implemented & Customized by: Eng. M. Mohamady Contact: new-lib@cl.cu.edu.eg © All rights reserved — New Central Library
CNUL logo
Implemented & Customized by: Eng. M. Mohamady Contact: cnul@cl.cu.edu.eg © All rights reserved — Cairo National University Library